Entrada Encabezamiento temático
Número de registros utilizados en: 15
001 - NÚMERO DE CONTROL
- campo de control: 162
003 - IDENTIFICADOR DEL NÚMERO DE CONTROL
- campo de control: vecauma
005 - FECHA Y HORA DE LA ÚLTIMA TRANSACCIÓN
- campo de control: 20240408153453.0
008 - DATOS DE LONGITUD FIJA
- campo de control de longitud fija: 220328|| aca||aabn | a|a d
040 ## - FUENTE DE LA CATALOGACIÓN
- Centro catalogador/agencia de origen: vecauma
053 ## - Número de clasificación LC
- Número de clasificación–único número o número inicial: CB425
- Número de clasificación–último número: CB430
150 ## - Materia
- Encabezamiento temático: CIVILIZACION
- Subdivisión cronológica: SIGLO XX
450 ## - REFERENCIA DE “VEASE” MATERIA
- Encabezamiento temático: Civilización --
- Subdivisión temática general: Historia --
- Subdivisión cronológica: Siglo XX
450 ## - REFERENCIA DE “VEASE” MATERIA
- Encabezamiento temático: Civilización contemporánea
450 ## - REFERENCIA DE “VEASE” MATERIA
- Encabezamiento temático: Civilización moderna --
- Subdivisión temática general: Historia --
- Subdivisión cronológica: Siglo XX
450 ## - REFERENCIA DE “VEASE” MATERIA
- Encabezamiento temático: Civilización moderna --
- Subdivisión cronológica: Siglo XX
450 ## - REFERENCIA DE “VEASE” MATERIA
- Encabezamiento temático: Civilization, Modern --
- Subdivisión cronológica: 20th century
670 ## - FUENTE EN LA QUE SE LOCALIZARON DATOS
- Cita de la fuente: Catálogo de Autoridades de la Biblioteca Nacional de España, 2022
- Información localizada: (Civilización-Siglo XX)
670 ## - FUENTE EN LA QUE SE LOCALIZARON DATOS
- Cita de la fuente: Catálogo de Autoridades de la Biblioteca del Congreso, 2022
- Información localizada: (Civilization, Modern-20th century)
